Crónica troyana (Registro nro. 48023)

Detalles MARC
000 -LEADER
campo de control de longitud fija 00944nam a22002415i 4500
001 - NÚMERO DE CONTROL
campo de control 48023
003 - IDENTIFICADOR DE NÚMERO DE CONTROL
campo de control ES-MaACL
005 - FECHA Y HORA DE LA ÚLTIMA TRANSACCIÓN
campo de control 20230906161658.0
007 - CAMPO FIJO DE DESCRIPCIÓN FÍSICA--INFORMACIÓN GENERAL
campo de control de longitud fija t|
008 - DATOS DE LONGITUD FIJA--INFORMACIÓN GENERAL
campo de control de longitud fija 981130s1900 sp ||||1| spa d
040 ## - FUENTE DE CATALOGACIÓN
Centro catalogador/agencia de origen CAM
Lengua de catalogación spa
Centro/agencia transcriptor CCPB
100 1# - ENTRADA PRINCIPAL--NOMBRE DE PERSONA
Nombre de persona Columna, Guido de.
9 (RLIN) 39912
245 10 - MENCIÓN DEL TÍTULO
Título Crónica troyana
Resto del título : códice gallego del s. XIV de la Biblioteca Nacional de Madrid : con apuntes gramaticales y vocabulario /
Mención de responsabilidad, etc. por Manuel R. Rodríguez ; publicalo a expensas de la... Diputación de esta provincia Andrés Martínez Salazar.
260 ## - PUBLICACIÓN, DISTRIBUCIÓN, ETC.
Lugar de publicación, distribución, etc. La Coruña :
Nombre del editor, distribuidor, etc. [s.n.],
Fecha de publicación, distribución, etc. 1900 (
Fabricante Imp. Casa de Misericordia)
300 ## - DESCRIPCIÓN FÍSICA
Extensión 2 v. (XVI, 366 ; 368 p.) ;
Dimensiones 33 cm.
500 ## - NOTA GENERAL
Nota general Autor tomado de Palau.
500 ## - NOTA GENERAL
Nota general Texto en español y gallego.
630 04 - PUNTO DE ACCESO ADICIONAL DE MATERIA--TÍTULO UNIFORME
Título uniforme Crónica troyana.
9 (RLIN) 120409
700 1# - ENTRADA AGREGADA--NOMBRE PERSONAL
Nombre de persona Rodríguez, Manuel R.
9 (RLIN) 98281
700 1# - ENTRADA AGREGADA--NOMBRE PERSONAL
Nombre de persona Martínez Salazar, Andrés.
9 (RLIN) 78401
852 ## - LOCALIZACIÓN
Ubicación ES-MaACL
Número de control de estantería B-11434-5
852 ## - LOCALIZACIÓN
Ubicación ES-MaACL
Número de control de estantería B-6500
Existencias
Estatus retirado Estado de pérdida Estado de daño No para préstamo Colección Biblioteca de origen Biblioteca actual Ubicación en estantería Fecha de adquisición Fuente de adquisición Total de préstamos Signatura topográfica completa Código de barras Visto por última vez Precio de reemplazo Tipo de ítem Koha
        Libros del s. XIX Biblioteca del Ateneo de Madrid Biblioteca del Ateneo de Madrid Sala Pardo Bazán 17/01/2008     B-6500 1050540 23/02/2023 23/02/2023 Libro impreso antiguo
        Libros del s. XIX Biblioteca del Ateneo de Madrid Biblioteca del Ateneo de Madrid Sala Pardo Bazán 17/01/2008     B-11434-5 1050539 23/02/2023 23/02/2023 Libro impreso antiguo